MARC details
| 000 -CABECERA |
| campo de control de longitud fija |
00952nam a2200217 a 4500 |
| 001 - NÚMERO DE CONTROL |
| campo de control |
000041934 |
| 005 - FECHA Y HORA DE LA ÚLTIMA TRANSACCIÓN |
| campo de control |
20201002035835.0 |
| 008 - DATOS DE LONGITUD FIJA--INFORMACIÓN GENERAL |
| campo de control de longitud fija |
131023s2003 sp a 000 0 spa d |
| 020 ## - NÚMERO INTERNACIONAL ESTÁNDAR DEL LIBRO |
| Número Internacional Estándar del Libro |
8400082001 |
| 040 ## - FUENTE DE LA CATALOGACIÓN |
| Centro catalogador/agencia de origen |
DO-SdBNP |
| Lengua de catalogación |
spa |
| Centro/agencia transcriptor |
BNPHU |
| 082 ## - NÚMERO DE LA CLASIFICACIÓN DECIMAL DEWEY |
| Número de clasificación |
xxx |
| Número de documento/Ítem |
xxxx |
| 245 00 - MENCIÓN DE TÍTULO |
| Título |
Valoración del uso recreativo del Parque Nacional de Doñana. / |
| Mención de responsabilidad, etc. |
coordinadores, Lucinio Júdez Asensio, Ma. Rosario de Andrés Gómez de Barreda, Elvira Urzainqui Miqueleiz. |
| 260 ## - PUBLICACIÓN, DISTRIBUCIÓN, ETC. |
| Lugar de publicación, distribución, etc. |
Madrid, : |
| Nombre del editor, distribuidor, etc. |
Consejo Superior de Investigaciones Científicas |
| -- |
Instituto de Economía y Geografía, |
| Fecha de publicación, distribución, etc. |
2003. |
| 300 ## - DESCRIPCIÓN FÍSICA |
| Extensión |
150 p. : |
| Otras características físicas |
il. ; |
| Dimensiones |
28 cm. |
| 490 1# - MENCIÓN DE SERIE |
| Mención de serie |
Estudios ambientales y socioeconómicos |
| Designación de volumen o secuencia |
3 |
| 504 ## - NOTA DE BIBLIOGRAFÍA, ETC. |
| Nota de bibliografía, etc. |
Bibliografía p: 79-81 |
| 700 1# - PUNTO DE ACCESO ADICIONAL--NOMBRE DE PERSONA |
| Nombre de persona |
Júdez Asencio, Lucinio |
| Término indicativo de función/relación |
coord. |
| 9 (RLIN) |
68843 |
| 700 1# - PUNTO DE ACCESO ADICIONAL--NOMBRE DE PERSONA |
| Nombre de persona |
Gómez de Barreda, Ma. Rosario de Andrés |
| Término indicativo de función/relación |
coord. |
| 9 (RLIN) |
68844 |
| 700 1# - PUNTO DE ACCESO ADICIONAL--NOMBRE DE PERSONA |
| Nombre de persona |
Urzainqui Miqueleiz, Elvira |
| Término indicativo de función/relación |
coord. |
| 9 (RLIN) |
68845 |
| 830 #0 - PUNTO DE ACCESO ADICIONAL DE SERIE-TÍTULO UNIFORME |
| Título uniforme |
Estudios ambientales y socioeconómicos |
| Designación de volumen o secuencia |
3 |
| 9 (RLIN) |
67697 |